00326pab a2200133 454500008004000000100001800040245002300058260000900081300001100090362001000101650003800111650002800149773001500177180718b2006 xxu||||| |||| 00| 0 eng d aMehrish, B.N. aThe Lebanon crisis c2006 ap.3-4. a2 Sep aPolitics and government - Lebanon aPolitics and government aMainstream